Movies Quiz

Random Movies or Clickable Quiz

Martin Scorsese Movie Search Quiz Stats

 Plays Quiz Updated Feb 24, 2017

Support Sporcle.
Go Orange.
Score 0/24 Timer 06:00
5 Plays Today
% Correct
Gangs of New York
89.2%
The Wolf of Wall Street
89.1%
Goodfellas
88.8%
The Departed
88.6%
Taxi Driver
87.4%
Raging Bull
87.1%
Casino
82.6%
Shutter Island
81%
The Aviator
78%
Cape Fear
72.4%
Mean Streets
71.2%
Hugo
68.5%
% Correct
The King of Comedy
64.6%
The Last Temptation of Christ
63.5%
New York, New York
62.2%
The Age of Innocence
54.1%
The Color of Money
53.6%
Alice Doesn't Live Here Anymore
50%
Silence
49.9%
Bringing Out the Dead
43.6%
After Hours
43%
Who's That Knocking At My Door
40.2%
Kundun
40.1%
Boxcar Bertha
40.1%

You're not logged in!

Compare scores with friends on all Sporcle quizzes.
OR
Log In
Forgot?

From the Vault

Beatles Albums (Redux)

by JeluPotter25

The Beatles sure liked to put their name in their album titles.
Remove Ads.
Support Sporcle.
Get the best of Sporcle when you Go Orange. This ad-free experience offers more features, more stats, and more fun while also helping to support Sporcle. Thank you for becoming a member.

Show Comments

Extras

Top Quizzes Today


Score Distribution

Your Account Isn't Verified!

In order to create a playlist on Sporcle, you need to verify the email address you used during registration. Go to your Sporcle Settings to finish the process.

Report this User

Report this user for behavior that violates our Community Guidelines.

Details: